| 000 | 01185nam a2200241 a 4500 | ||
|---|---|---|---|
| 001 | 53196 | ||
| 003 | BD-RjUL | ||
| 005 | 20211209075926.0 | ||
| 008 | 161004s1959 ii ||||| |||| 00| 0 ben d | ||
| 035 | _a(BD-RjUL)53316 | ||
| 040 |
_aBD-RjUL _bben _cBD-RjUL |
||
| 041 | _aben | ||
| 082 |
_223 _a891.4408 _bHAJ 1959 |
||
| 245 | 0 | 0 | _aহাজার বছরের পুরাণ বাঙ্গালা ভাষায় বৌদ্ধগান ও দোহা / |
| 250 | _aনূতন সং. | ||
| 260 |
_aকলিকাতা : _bবঙ্গীয় -সাহিত্য-পরিষদ, _c১৯৫৯ [১৩৬৬] |
||
| 300 |
_a১৯৫ পৃ. ; _c২৫ সেমি. |
||
| 500 | _a" চর্য্যাচর্য্যবিনিশ্চয়, সরোজবজ্রের দোহাকোষ, কাহ্নুপাদের দোহাকোষ ও ডাকার্ণব" | ||
| 650 |
_aবাংলা সাহিত্য _xসংগ্রহ _9122902 |
||
| 650 |
_aBengali Literature _xCollected Work _9148350 |
||
| 700 |
_aশাস্ত্রী, হরপ্রসাদ, সম্পাদক _9159015 |
||
| 942 |
_2ddc _cBK |
||
| 999 |
_c53196 _d53196 |
||